000 00503nam a2200193Ia 4500
005 20250425161304.0
008 250425s9999 xx 000 0 und d
020 _a8434474417
041 _aspa
082 _a986.601
100 _aDESCALZI, RICARDO
245 0 _aLA REAL AUDIENCIA DE QUITO CLAUSTRO EN LOS ANDES: HISTORIA DE QUITO COLONIAL
250 _a1A ED.
260 _aBARCELONA
260 _aEspaƱa
_bSEIX Y BARRAL HNOS. S.A.
_c1978
300 _a396
942 _c01
010 _a16936
999 _c206186
_d206186